MAX YOUR HEALTH (Record no. 5618)
[ view plain ]
| 000 -LEADER | |
|---|---|
| fixed length control field | 00280nam a22001217a 4500 |
| 020 ## - INTERNATIONAL STANDARD BOOK NUMBER | |
| ISBN | 978-93-86106-76-6 |
| 082 ## - DEWEY DECIMAL CLASSIFICATION NUMBER | |
| Classification number | 823 |
| Item number | AUN/M |
| 100 ## - MAIN ENTRY--AUTHOR NAME | |
| Personal name | KIMMIE AUNTIE |
| 245 ## - TITLE STATEMENT | |
| Title | MAX YOUR HEALTH |
| 260 ## - PUBLICATION, DISTRIBUTION, ETC. (IMPRINT) | |
| Place of publication | NEW YORK |
| Name of publisher | SCHOLASTIC |
| Year of publication | 2014 |
| 650 ## - SUBJECT ADDED ENTRY--TOPICAL TERM | |
| Topical Term | PSYCHOLOGY |
| Geographic subdivision | UNITED STATES |
| 942 ## - ADDED ENTRY ELEMENTS (KOHA) | |
| Koha item type | Books |
| Withdrawn status | Lost status | Collection code | Home library | Current library | Shelving location | Date acquired | Source of acquisition | Cost, normal purchase price | Full call number | Accession Number | Koha item type |
|---|---|---|---|---|---|---|---|---|---|---|---|
| Reference | Main Library | Main Library | SHELF 15E--PSYCHOLOGY,JOKES | 16/12/2019 | purchase | 125.00 | 823 AUN/M | 12306 | Books |